The particulars of eligible freehold estates advantageously situate on the east side of the Borough High Street and in Angel Court, adjoining, near St George's Church consisting of two commodious dwelling houses and shops with extensive fronts (no. 146 and no. 147), The Angel Public House and twenty-five dwelling houses forming the whole of Angel Court...which will be sold at auction by Mess. Skinner, Dyke and Skinner on Thursday the 19th of July 1798... (Record no. 116615)

MARC details
000 -LEADER
fixed length control field 01455cam a22002175a 4500
001 - CONTROL NUMBER
control field L141135
008 - FIXED-LENGTH DATA ELEMENTS--GENERAL INFORMATION
fixed length control field 071030s1798 xxk eng u
035 ## - SYSTEM CONTROL NUMBER
System control number (Sirsi) u141135
041 0# - LANGUAGE CODE
Language code of text/sound track or separate title eng
110 2# - MAIN ENTRY--CORPORATE NAME
Corporate name or jurisdiction name as entry element Skinner, Dyke and Skinner
9 (RLIN) 5429
245 04 - TITLE STATEMENT
Title The particulars of eligible freehold estates advantageously situate on the east side of the Borough High Street and in Angel Court, adjoining, near St George's Church consisting of two commodious dwelling houses and shops with extensive fronts (no. 146 and no. 147), The Angel Public House and twenty-five dwelling houses forming the whole of Angel Court...which will be sold at auction by Mess. Skinner, Dyke and Skinner on Thursday the 19th of July 1798...
260 ## - PUBLICATION, DISTRIBUTION, ETC.
Place of publication, distribution, etc. S.l.
Name of publisher, distributor, etc. s.n.
Date of publication, distribution, etc. [1798]
300 ## - PHYSICAL DESCRIPTION
Extent 2 leaves
Dimensions 33 x 21 cm. +
Accompanying material 5 sheets (map, 26 x 22 cm., or smaller)
340 ## - PHYSICAL MEDIUM
Material base and configuration Printed
351 ## - ORGANIZATION AND ARRANGEMENT OF MATERIALS
Hierarchical level Single item
500 ## - GENERAL NOTE
General note Item is accompanied by a letter from the donor, dated 15 February 1911, a letter forwarding the sales particulars to a firm in the area, for their interest, dated 16 February 1911, and a letter from this firm dated 20 February 1911 returning the particulars and enclosing a tracing from Horwood's Plan of London of 1799 showing the area concerned.
500 ## - GENERAL NOTE
General note Item is annotated in ink with the prices of lots and other notes.
651 4# - SUBJECT ADDED ENTRY--GEOGRAPHIC NAME
Geographic name London
690 ## - LOCAL SUBJECT ADDED ENTRY--TOPICAL TERM (OCLC, RLIN)
Topical term or geographic name as entry element PROPERTY-PROPERTY ACQUISITION AND DISPOSAL-ACQUISITION AND DISPOSAL AT AUCTION
942 ## - ADDED ENTRY ELEMENTS (KOHA)
Suppress in OPAC 0
Holdings
Withdrawn status Lost status Source of classification or shelving scheme Damaged status Not for loan Home library Current library Shelving location Date acquired Total Checkouts Full call number Barcode Date last seen Copy number Price effective from Koha item type
    Dewey Decimal Classification     London London Basement 30/10/2007   BASEMENT BOX 5 141135-1001 06/08/2019 1 06/08/2019 Archive